| 000 | 00000nam 2200000zi 4500 |
| 001 | 9.947187 |
| 003 | CaOODSP |
| 005 | 20250121102423 |
| 006 | m go d f |
| 007 | cr |n||||||||| |
| 008 | 250121e198702 onca o f000 0 eng d |
| 040 | |aCaOODSP|beng|erda|cCaOODSP |
| 041 | |aeng|bfre |
| 043 | |an-cn--- |
| 086 | 1 |aCo24-3/11-3-1987E-PDF |
| 245 | 00|aGovernment Telecommunications Agency : |bevaluation assessment. |
| 264 | 1|a[Ottawa] : |bGovernment of Canada, Department of Communications = Gouvernement du Canada, Ministère des Communications, |cFebruary 1987. |
| 300 | |a1 online resource (24, 2 pages) : |bfigures. |
| 336 | |atext|btxt|2rdacontent |
| 337 | |acomputer|bc|2rdamedia |
| 338 | |aonline resource|bcr|2rdacarrier |
| 490 | 1 |aEvaluation assessment = Rapport préparatoire d'évaluation ; |v[3] |
| 500 | |aDigitized copy from print [produced by Innovation, Science and Economic Development Canada]. |
| 500 | |a"DOC program evaluation series." |
| 546 | |aIncludes some text in French. |
| 610 | 10|aCanada. |bGovernment Telecommunications Agency|xEvaluation. |
| 610 | 16|aCanada. |bAgence des télécommunications gouvernementales|xÉvaluation. |
| 710 | 1 |aCanada. |bDepartment of Communications, |eissuing body. |
| 830 | #0|aEvaluation assessment = Rapport préparatoire d'évaluation ;|v[3]|w(CaOODSP)9.940712 |
| 856 | 40|qPDF|s877 KB|uhttps://publications.gc.ca/collections/collection_2025/isde-ised/co24/Co24-3-11-3-1987-eng.pdf |